| Tag |
First Indicator |
Second Indicator |
Subfields |
| LEADER |
00000cam a2200000 4500 |
| 001 |
in00000059452 |
| 005 |
20151007082441.0 |
| 008 |
800426s1880 maua 00000 eng d |
| 035 |
|
|
|a (OCoLC)06248562
|
| 035 |
|
|
|9 AAF7892AM
|
| 040 |
|
|
|a TXA
|c TXA
|d UtOrBLW
|
| 049 |
|
|
|a TXAM
|c [323143]
|
| 090 |
|
|
|a E185
|b .B88 1880
|
| 092 |
|
|
|a 325.26
|b B881m
|
| 100 |
1 |
|
|a Brown, William Wells,
|d 1814?-1884.
|
| 245 |
1 |
0 |
|a My southern home, or, The South and its people /
|c by Wm. Wells Brown.
|
| 246 |
3 |
0 |
|a South and its people
|
| 264 |
|
1 |
|a Boston :
|b A.G. Brown,
|c 1880.
|
| 300 |
|
|
|a 253 pages :
|b illustrations ;
|c 19 cm.
|
| 336 |
|
|
|a text
|b txt
|2 rdacontent
|
| 337 |
|
|
|a unmediated
|b n
|2 rdamedia
|
| 338 |
|
|
|a volume
|b nc
|2 rdacarrier
|
| 650 |
|
0 |
|a African Americans.
|
| 650 |
|
0 |
|a Slavery
|z United States.
|
| 651 |
|
0 |
|a Southern States
|x Social life and customs.
|
| 999 |
|
|
|a MARS
|
| 999 |
f |
f |
|s 363c1f4f-180c-3146-abbf-7de930a82540
|i add79ce7-1f84-30a1-8bbd-b88aef0697dd
|t 0
|
| 952 |
f |
f |
|p noncirc
|a Texas A&M University
|b College Station
|c Cushing Memorial Library & Archives
|d Cushing: Area Studies/Africana (Does not check out)
|t 0
|e E185 .B88 1880
|h Library of Congress classification
|i unmediated -- volume
|m A14800669291
|
| 998 |
f |
f |
|a E185 .B88 1880
|t 0
|l Cushing: Area Studies/Africana (Does not check out)
|